000 00722nam a2200229Ia 4500
003 OSt
005 20260402124033.0
008 210716s2017 xx 000 0 und d
020 _a9789386446916
040 _cAIMIT LIBRARY
041 _aeng
082 _a374.22
_21
_bHAZA
100 _aHazarika, Anjali.
_9260135
245 _aWalk the talk :
_bwomen work equity effectiveness /
_cBy Anjali Hazarika.
250 _a1st ed.
260 _aNew Delhi :
_bSage Publications ,
_c2017.
300 _axii,337p. ;
_bPB
_c22 cm
650 _aThe tyranny of invisible barriers
_9260136
650 _aThe skills for all seasons
_9260137
650 _aThe ecosystem of empowerment
_9260138
942 _2ddc
_cBK
_e1st
_k374.22 HAZA
999 _c211325
_d211325